| 000 | 00363nam a2200133Ia 4500 | ||
|---|---|---|---|
| 008 | 150202s9999 xx 000 0 und d | ||
| 020 | _a425109852 | ||
| 050 |
_aFIC _bFIC |
||
| 100 | _aHardin, I.D. | ||
| 245 |
_aRaider : _bwolf creek feud / _cI.D. Hardin. |
||
| 260 |
_aNew York : _bBerkley Books, _c1988. |
||
| 300 |
_a188 pages : _c18 cm. |
||
| 650 | _aFiction. | ||
| 999 |
_c282004 _d282004 |
||